00537nam a2200205Ia 4500008004100000020001400041050001400055100001900069245001200088245006200100245004800162260001500210260001600225260000900241300001500250300002700265300001000292440002000302500000900322170918s9999 xx 000 0 und d a439304709 bS972 2001 aSwanson, Diane aBurp! : bthe most interesting book you'ss ever read about eating / cDiane Swanson ; illustrated by Rose Cowles. aNew York : bScholastic, c2001 a40 pages : bcolored illustration ; c23cm. aMysterious you. a1050